000 01528cam a2200157 4500500
005 20260329003705.0
041 _afre
042 _adc
100 1 0 _aIshac, Georges
_eauthor
245 0 0 _aEntrepreneurial orientation within non-profit organizations: A key driver of social performance and resilience in times of crisis
260 _c2026.
500 _a32
520 _aThe aim of this research is to study the importance of entrepreneurial orientation (EO) in non-profit organizations. The framework relies on EO’s classical dimensions such as innovation, proactivity and risk-taking, while considering recent dimensions of social practices such as reciprocity, collaboration and socialness, and is enriched by the entrepreneurial attitude of leaders and the role of the environment. This research relies on a qualitative methodology that includes participant observations, data analysis and semi-structured interviews. The expected results show that EO is a strategic factor which enhances social performance and resilience within non-profit organizations. The study concludes with a suggested theoretical framework for EO in a social perspective by including the social dimensions and offers future perspectives to strengthen the analysis of entrepreneurship within a purely social context.
786 0 _nProjectics / Proyéctica / Projectique | 43 | 1 | 2026-03-24 | p. 51-61 | 2031-9703
856 4 1 _uhttps://shs.cairn.info/journal-projectics-proyectica-projectique-2026-1-page-51?lang=en&redirect-ssocas=7080
999 _c1826805
_d1826805